|
|
|
|
| LEADER |
00000nas a2200000 a 4500 |
| 001 |
ssj0005005 |
| 003 |
WaSeSS |
| 005 |
20200512172242.0 |
| 006 |
m d |
| 007 |
cr n |
| 008 |
961009c19339999ilubr pss 0 a0eng c |
| 010 |
|
|
|a sn 97023014
|
| 015 |
|
|
|a GBB350810
|2 bnb
|
| 016 |
7 |
|
|a 019702698
|2 DE-101
|
| 016 |
7 |
|
|a 1477253-X
|2 DE-600
|
| 016 |
7 |
|
|a 012913611
|2 Uk
|
| 016 |
7 |
|
|a 1477253-x
|2 DE-600
|
| 022 |
|
|
|a 1468-0262
|y 0012-9682
|
| 035 |
|
|
|a (WaSeSS)ssj0005005
|
| 040 |
|
|
|a GZM
|b eng
|c GZM
|d EYM
|d IUL
|d EYM
|d OCL
|d EYM
|d IUL
|d OCLCQ
|d MUQ
|d OCLCS
|d OCLCQ
|d OCL
|d CIT
|d OCLCQ
|d OCLCO
|d GBVCP
|d OCLCQ
|d OCLCF
|d OCLCO
|d OCLCQ
|d DEBBG
|d NLE
|d OCLCQ
|d NTG
|d AU@
|d UKMGB
|d OCLCQ
|d VT2
|d NJT
|d DLC
|d WaSeSS
|
| 042 |
|
|
|a pcc
|a nsdp
|
| 050 |
1 |
4 |
|a HB1
|
| 082 |
0 |
4 |
|a 330
|
| 082 |
1 |
0 |
|a 330
|2 23
|
| 130 |
0 |
|
|a Econometrica (Online)
|
| 210 |
0 |
|
|a Econometrica
|b (Online)
|
| 222 |
|
0 |
|a Econometrica
|b (Online)
|
| 245 |
1 |
0 |
|a Econometrica
|h [electronic resource] :
|b journal of the Econometric Society.
|
| 246 |
1 |
|
|a Journal of the Econometric Society
|
| 260 |
|
|
|a Chicago, Ill. :
|b Econometric Society, the University of Chicago
|
| 310 |
|
|
|a Bimonthly,
|b 1970-
|
| 321 |
|
|
|a Quarterly,
|b 1933-1969
|
| 362 |
0 |
|
|a Vol. 1, no. 1 (Jan. 1933)-
|
| 362 |
1 |
|
|a Began with:
|
| 500 |
|
|
|a Imprint varies.
|
| 506 |
|
|
|a License restrictions may limit access.
|
| 525 |
|
|
|a Includes supplements.
|
| 588 |
|
|
|a Description based on JSTOR World Wide Web homepage; title from title screen.
|
| 588 |
|
|
|a Latest issue consulted: Vol. 87, issue 6 (Nov. 2019) (Wiley, viewed Jan. 7, 2020).
|
| 650 |
|
0 |
|a Econometrics
|v Periodicals.
|
| 650 |
|
0 |
|a Economics, Mathematical
|v Periodicals.
|
| 650 |
|
0 |
|a Economics
|v Periodicals.
|
| 650 |
|
6 |
|a Économétrie
|v Périodiques.
|
| 650 |
|
6 |
|a Mathématiques économiques
|v Périodiques.
|
| 650 |
|
6 |
|a Économie politique
|x Périodiques.
|
| 650 |
|
7 |
|a Econometrics.
|2 fast
|0 (OCoLC)fst00901574
|
| 650 |
|
7 |
|a Economics.
|2 fast
|0 (OCoLC)fst00902116
|
| 650 |
|
7 |
|a Economics, Mathematical.
|2 fast
|0 (OCoLC)fst00902260
|
| 655 |
|
0 |
|a Electronic journals.
|
| 710 |
2 |
|
|a Econometric Society.
|
| 776 |
1 |
|
|t Econometrica
|x 0012-9682
|w (DLC) 34016980
|w (OCoLC)1567366
|
| 856 |
4 |
0 |
|z Full text available from Research Library: 09/01/1996 to 09/30/2004
|u https://search.proquest.com/publication/48030
|